Los Sangre Azul (Record no. 26637)

MARC details
000 -LEADER
campo de control de longitud fija 01371nac a22002777a 4500
003 - IDENTIFICADOR DE NÚMERO DE CONTROL
campo de control Co-PeBPM
005 - FECHA Y HORA DE LA ÚLTIMA TRANSACCIÓN
campo de control 20240321160157.0
007 - CAMPO FIJO DE DESCRIPCIÓN FÍSICA--INFORMACIÓN GENERAL
campo de control de longitud fija ta
008 - DATOS DE LONGITUD FIJA--INFORMACIÓN GENERAL
campo de control de longitud fija 240321s2009 |||||||| |||| 00| 0 spa d
020 1# - NÚMERO INTERNACIONAL ESTÁNDAR DEL LIBRO
Número Internacional Estándar del Libro 9788492678563
040 ## - FUENTE DE CATALOGACIÓN
Centro catalogador/agencia de origen Co-PeBPM
Lengua de catalogación spa
Centro/agencia transcriptor Co-PeBPM
Normas de descripción rda
041 ## - CÓDIGO DE IDIOMA
Código de lengua del texto/banda sonora o título independiente spa
082 04 - NÚMERO DE LA CLASIFICACIÓN DECIMAL DEWEY
Número de clasificación 813 D278s
Número de edición 22
100 1# - ENTRADA PRINCIPAL--NOMBRE DE PERSONA
Nombre de persona De La Cruz, Melissa
Término indicativo de función/relación autora
245 10 - MENCIÓN DEL TÍTULO
Título Los Sangre Azul
Mención de responsabilidad, etc. / Melissa De La Cruz; traducción Antonio Resines y Herminia Bevia
260 ## - PUBLICACIÓN, DISTRIBUCIÓN, ETC.
Lugar de publicación, distribución, etc. Madrid, España
Nombre del editor, distribuidor, etc. Tikal Ediciones
Fecha de publicación, distribución, etc. 2009
300 ## - DESCRIPCIÓN FÍSICA
Extensión 314 páginas
Dimensiones 21 centímetros
500 ## - NOTA GENERAL
Nota general Contiene datos biográficos de la autora
520 ## - RESUMEN, ETC.
Sumario, etc. Por fin llega a nuestro país el último best seller mundial de temática vampírica. Melissa de la Cruz introduce con éxito una nueva concepción del mito, alejada de la visión tradicional del vampiro como demonio que se oculta en las sombras para reconvertirlo en un personaje esteta y elitista plenamente integrado en nuestro mundo actual. A todo aquel que disfrute leyendo historias de vampiros le encantará "Los Sangre Azul", una colección repleta de misterios sobrenaturales con un ritmo frenético.
546 ## - NOTA DE IDIOMA
Nota de lengua/lenguaje spa
650 1# - PUNTO DE ACCESO ADICIONAL DE MATERIA--TÉRMINO DE MATERIA
Término de materia o nombre geográfico como elemento de entrada Literatura estadounidense
Fuente del encabezamiento o término Lemb
650 1# - PUNTO DE ACCESO ADICIONAL DE MATERIA--TÉRMINO DE MATERIA
Término de materia o nombre geográfico como elemento de entrada Literatura juvenil estadounidense
Fuente del encabezamiento o término Lemb
700 ## - ENTRADA AGREGADA--NOMBRE PERSONAL
Nombre de persona Resines, Antonio,
Término indicativo de función/relación traducción
700 ## - ENTRADA AGREGADA--NOMBRE PERSONAL
Nombre de persona Bevia, Herminia,
Término indicativo de función/relación traducción
942 ## - ELEMENTOS DE ENTRADA SECUNDARIOS (KOHA)
Fuente del sistema de clasificación o colocación Clasificación Decimal Dewey
Tipo de ítem Koha Libros
Suprimir en OPAC No
Holdings
Estatus retirado Estado de pérdida Fuente del sistema de clasificación o colocación Estado de daño No para préstamo Biblioteca de origen Biblioteca actual Fecha de adquisición Total de préstamos Signatura topográfica completa Código de barras Visto por última vez Copia número Precio de reemplazo Tipo de ítem Koha
    Clasificación Decimal Dewey     BIBLIOTECA PÚBLICA MUNICIPAL RAMON CORREA MEJIA BIBLIOTECA PÚBLICA MUNICIPAL RAMON CORREA MEJIA 21/03/2024   813 D278s 49603 21/03/2024 Ej.1 21/03/2024 Libros

Powered by Koha